'A' in History II Quiz Stats

Quiz Updated Apr 6, 2016

Also try: 'Z' in History
Challenge
Share
Tweet
Embed
Score 0/20 Timer 05:00
2 Plays Today
Question Answer % Correct
Who, on 21 July 1969, became the first person to walk on the moon?Neil Armstrong
88.3%
Who was the first vice president, and second president, of the United States?John Adams
84.2%
By what name is the racial segregation enforced in South Africa from 1948-1994 known?Apartheid
84.1%
Which Greek philosopher founded the Peripatetic school in the Lyceum c. 334 BC?Aristotle
75.5%
Which country was invaded by the USSR on 24 December 1979?Afghanistan
73.9%
Which Greek leader invaded India in 326 BC, but was forced to turn back by his troops?Alexander the Great
70.9%
Which Australian city was named after the queen consort of William IV of the United Kingdom?Adelaide
51.9%
Which Ottoman military officer became the first President of Turkey in 1923?Mustafa Kemal Atatürk
49%
Which Semitic language was the lingua franca in the Middle East c. 900 BC - 70 AD?Aramaic
45.7%
Which palace complex in Granada, Spain, is an epitome of late European Muslim art?Alhambra
42.3%
Question Answer % Correct
Which country was the first to formally adopt Christianity as its religion, c. 301 AD?Armenia
41.6%
Which French city was home to seven successive popes in the 14th century?Avignon
38.4%
Who succeeded Leonid Brezhnev as leader of the USSR upon his death in 1982?Yuri Andropov
35.3%
By what name was the historic Ethiopian Empire, extant 1137-1974, also known?Abyssinia
29.8%
Who was the first Chancellor of West Germany following the end of World War II?Konrad Adenauer
25%
Who was the son of Hirohito, becoming Emperor of Japan upon his father's death in 1989?Akihito
25%
Which battle of 1805 is also known as 'The Battle of Three Emperors?'Austerlitz
17.9%
By what name are the early Plantagenet rulers of England from 1154-1204 also known?Angevin
16.4%
Which ancient temple complex in southern Egypt was entirely relocated in 1968 to avoid flooding?Abu Simbel
12.3%
What was the given first name of Queen Victoria of the United Kingdom?Alexandrina
11.1%

You're not logged in!

Compare scores with friends on all Sporcle quizzes.
Join for Free
OR
Log In

You Might Also Like...

Show Comments

Extras

Top Quizzes Today


Score Distribution

Your Account Isn't Verified!

In order to create a playlist on Sporcle, you need to verify the email address you used during registration. Go to your Sporcle Settings to finish the process.

Report this User

Report this user for behavior that violates our Community Guidelines.

Details: